000 00632nam a22002177a 4500
003 UA-OsUOA
001 34663
007 ta
008 20051018b un ||||| |||| 00| 0 ukr d
090 _a94(47+57)
942 _cBK
040 _aUA-OsUOA
_brus
_cUA-OsUOA
_dUA-OsUOA
245 _aОсновные етапы развития мирового революционного поцеса после октября
300 _a614 с.
955 _a1
041 _arus
080 _a94(47+57)
260 _aМ.
_bМысль
_c1968
650 7 _a9 Географія. Біографії. Історія
_2UDC
999 _c321094
_d321094